| 000 | 00446nam a2200157 4500 | ||
|---|---|---|---|
| 001 | 4224 | ||
| 005 | 20230404125619.0 | ||
| 008 | 060907n2001 dr spa | ||
| 035 | _9funglode4255 | ||
| 041 | _aES | ||
| 050 | 1 | 4 | _aCD F 00341 |
| 245 | 0 | _aApreciación de los intercambios comerciales agricolas transfronterizos entre la Republica Dominicana y Haiti | |
| 260 |
_a[s.l.] : _b[s.n.], _c2001 |
||
| 300 | _a101 p. | ||
| 942 |
_2lcc _ccd |
||
| 999 |
_c1059 _d1059 |
||